Every Country to win a Winter Olympic Medal: Luge - Statistics

General Stats
  • This quiz has been taken 14 times
  • The average score is 9 of 12
Answer Stats
# of Medals Country % Correct
2 Canada
100%
3 Russia
100%
6 USA
100%
25 Austria
92%
43 Germany
92%
29 East Germany
85%
18 Italy
85%
6 Soviet Union
85%
10 West Germany
69%
5 Latvia
46%
1 Russian Olympic Committee
15%
5 United Team of Germany
0%
No matching quizzes found
Score Distribution
Percent of People with Each Score
Percentile by Number Answered
Your Score History
You have not taken this quiz